ბათუმის შოთა რუსთაველის სახელმწიფო უნივერსიტეტის ბიბლიოთეკა

Изопериметры. Максимальные и минимальныеное и минимальныеное свойства геометрических фигур (ბიბ.ჩანაწერი № 39069)

000 -LEADER
fixed length control field 00882nam a2200217Ia 4500
001 - CONTROL NUMBER
control field 5616
003 - CONTROL NUMBER IDENTIFIER
control field GE_BSU
008 - FIXED-LENGTH DATA ELEMENTS--GENERAL INFORMATION
fixed length control field 181216s||||||||xx |||||||||||||| ||und||
040 ## - CATALOGING SOURCE
Transcribing agency GE_BSU
080 ## - UNIVERSAL DECIMAL CLASSIFICATION NUMBER
Universal Decimal Classification number 514.11
100 ## - MAIN ENTRY--PERSONAL NAME
Personal name Крыжановский Д.А
245 ## - TITLE STATEMENT
Title Изопериметры. Максимальные и минимальныеное и минимальныеное свойства геометрических фигур
245 ## - TITLE STATEMENT
Statement of responsibility, etc. Под.ред. И.М. Яглома
250 ## - EDITION STATEMENT
Edition statement изд.3-ье
260 ## - PUBLICATION, DISTRIBUTION, ETC.
Place of publication, distribution, etc. Москва
260 ## - PUBLICATION, DISTRIBUTION, ETC.
Name of publisher, distributor, etc. Госиздат физ-мат ли-ры
260 ## - PUBLICATION, DISTRIBUTION, ETC.
Date of publication, distribution, etc. 1959
300 ## - PHYSICAL DESCRIPTION
Extent 114 с.20 см.
653 ## - INDEX TERM--UNCONTROLLED
Uncontrolled term Изопериметры Максимальныеи минимальныеное и минимальныеноеи минимальныеное свойства геометрических фтгр
942 ## - ADDED ENTRY ELEMENTS (KOHA)
Koha item type წიგნი
ეგზემპლარები
Withdrawn status Lost status Damaged status Not for loan Date acquired Barcode Date last seen Price effective from Koha item type
        2018-12-17 16034 2018-12-17 2018-12-17 წიგნი